Bilecik Bilecik Bilecik Bilecik Bilecik

Olumlu düşünmenin gücü = (Record no. 18455)

MARC details
000 -BAŞLIK
Sabit Uzunluktaki Kontrol Alanı 00988nam a22003257a 4500
001 - KONTROL NUMARASI
Control Dosyası 0018498
003 - KONTROL NUMARASI KİMLİĞİ
Kontrol Alanı KOHA_MİRAKIL
005 - EN SON İŞLEM TARİHİ ve ZAMANI
Kontrol Alanı 20260207002213.0
007 - FİZİKSEL TANIM SABİT ALAN - GENEL BİLGİ
Sabit uzunluklu kontrol alanı ta
008 - SABİT UZUNLUKTAKİ VERİ ÖGELERİ - GENEL BİLGİ
Sabit Alan 100701b2010 tu |||gr||||#||||0|tur |
020 ## - ISBN - ULUSLARARASI STANDART KİTAP NUMARASI
Isbn 9789759961138
040 ## - KATALOGLAMA KAYNAĞI
Özgün Kataloglama Kurumu TR-BiSEU
Kataloglama Dili tur
Çeviri Kurumu TR-BiSEU
Açıklama Kuralları rda
041 0# - DİL KODU
Metin ya da ses kaydının dil kodu tur
044 ## - YAYINLAYAN/ÜRETEN KURULUŞUN ÜLKE KODU
ISO country code tu
050 ## - SINIFLAMA ve YER NUMARASI
Sınıflama Numarası BF636
Yer Numarası .P43 2010
100 1# - KİŞİ ADI
Yazar Adı (Kişi adı) Peale, Norman Vincent.
240 10 - TEK BİÇİM BAŞLIK
Tekbiçim Başlık <a href="the power of positive thinking">the power of positive thinking</a>
Language of a work Türkçe
245 1# - ESER ADI BİLDİRİMİ
Başlık Olumlu düşünmenin gücü =
Alt Eseradı vb. the power of positive thinking /
Sorumluluk Bildirimi Norman Vincent Peale ; Norman Vıncent Peale; çev. Cem Küçük.
264 #1 - ÜRERİM, YAYIN, DAĞITIM ve TELİF BİLDİRİMİ
Yayın yeri İstanbul :
Yayınlayan Profil
Yayın tarihi 2010
300 ## - FİZİKSEL TANIMLAMA
Sayfa, Cilt vb. 284 s.
336 ## - İÇERİK TÜRÜ
Content type term metin
Content type code txt
Source rdacontent
337 ## - MEDYA TÜRÜ
Media type term aracısız
Media type code n
Source rdamedia
338 ## - TAŞIYICI TÜRÜ
Carrier type term cilt
Carrier type code nc
Source rdacarrier
490 1# - DİZİ BİLDİRİMİ
Dizi Bildirimi Profil ;
Cilt Numarası 69.
490 1# - DİZİ BİLDİRİMİ
Dizi Bildirimi Kişisel gelişim ;
Cilt Numarası 02.
650 #0 - KONU BAŞLIĞI EK GİRİŞ - KONU TERİMİ
Konusal terim veya coğrafi ad Psikoloji.
9 (RLIN) 3924
830 1# - SERİ EK GİRİŞİ - TEKBİÇİM ESER ADI
Tekbiçim Başlık Profil ;
Volume number/sequential designation 69.
9 (RLIN) 22749
830 1# - SERİ EK GİRİŞİ - TEKBİÇİM ESER ADI
Tekbiçim Başlık Kişisel gelişim ;
Volume number/sequential designation 02.
9 (RLIN) 4685
942 ## - EK GİRİŞ ÖGELERİ (KOHA)
Source of classification or shelving scheme Library of Congress Classification
Koha item type Book
Holdings
Materyal Türü Kalıcı Konum Mevcut Konum Sınıflandırma Kaynağı Edinim Bilgisi Ana Konular Alt Konular Yer Numarası Demirbaş Numarası Fatura Tarihi Maliyet, Alış Fiyatı Maliyet, Yenileme Fiyatı Geri Çekilme Durumu Kayıp Durumu Hasarlı Durumu Kredi için değil Kayıt Tarih Toplam Ödünçverme Son Görülme Tarihi Son Kontrol Tarihi Genel / Bağış Notu
Book BŞEÜ Gölpazarı MYO Kütüphanesi BŞEÜ Gölpazarı MYO Kütüphanesi Library of Congress Classification Bağış FELSEFE, PSİKOLOJİ, DİN Psikoloji BF636 .P43 2010 0018498 02/02/2026 16.00 16.00         01/07/2010 4 05/12/2024 05/12/2024 Genel Bağış